| 000 | 00691 a2200253 4500 | ||
|---|---|---|---|
| 001 | 160730 | ||
| 999 |
_c160730 _d26910 |
||
| 003 | TR-AnTOB | ||
| 005 | 20190827140637.0 | ||
| 008 | 100327s2009 tu 00000 tur | ||
| 020 | _a9786058898509 | ||
| 041 | _atur | ||
| 050 | 1 |
_aG155.T9 _bI96 2009 |
|
| 090 | _aG155.T9 I96 2009 | ||
| 245 | 0 |
_aİzmir ekoturizm güzergahları / _cEge Turizm Derneği. |
|
| 264 | 1 |
_aİzmir: _bEge Turizm Derneği, _c2009. |
|
| 300 |
_a527 s. : _bmaps ; _c24 cm. |
||
| 490 | 0 |
_aEge Turizm Derneği Yayınları ; _v19. |
|
| 650 |
_aEcotourism _zTurkey _zİzmir _967528 |
||
| 710 | 2 |
_aEge Turizm Derneği _967527 |
|
| 902 | _a32913 | ||
| 903 | _aMerkez Kütüphane | ||
| 945 | _aMC,BS | ||
| 942 | _cBK | ||